[Event "Pardubice Czech op-E 34th"]
[Site "Pardubice"]
[Date "2023.07.15"]
[Round "4"]
[White "Raczek, Krzysztof"]
[Black "Sodoma, Jan"]
[Result "0-1"]
[WhiteElo "2158"]
[BlackElo "2319"]
[PlyCount "95"]
[EventDate "2023.07.13"]
[EventType "team-swiss"]
[EventRounds "7"]
[EventCountry "CZE"]
[SourceTitle "CBM 215 Extra"]
[Source "ChessBase"]
[SourceDate "2023.09.30"]
[SourceVersion "1"]
[SourceVersionDate "2023.09.30"]
[SourceQuality "1"]
[WhiteTeam "Wroclaw & Friends"]
[BlackTeam "Turnov Zikuda II"]
[WhiteTeamCountry "POL"]
[BlackTeamCountry "CZE"]

1. e4 e5 2. Nf3 Nc6 3. Nc3 Nf6 4. d4 Bb4 5. Nxe5 Qe7 6. Nxc6 Qxe4+ 7. Qe2 dxc6 8. Bd2 Qxe2+ 9. Bxe2 Bf5 10. 0-0-0 0-0-0 11. Bg5 Rd6 12. Bd3 Bxd3 13. Rxd3 Bxc3 14. bxc3 Re8 15. Bxf6 Rxf6 16. Rd2 Rf5 17. Kb2 Kd7 18. Rhd1 c5 19. Ka1 Kc6 20. Kb2 c4 21. Ka1 Rg5 22. Rg1 a6 23. Kb2 Re6 24. Ka1 Rh6 25. f4 Rgh5 26. Rb1 b6 27. h3 Re6 28. Rbd1 Kd5 29. Kb2 Re3 30. a4 f5 31. Rf2 Rh6 32. Rdf1 Rf6 33. Rf3 Rxf3 34. Rxf3 Ke4 35. Rf1 Rg6 36. g4 fxg4 37. hxg4 Rxg4 38. f5 h5 39. f6 gxf6 40. Rxf6 h4 41. Rf7 h3 42. Rh7 Rg3 43. Rxc7 Kf3 44. d5 h2 45. Rh7 Kg2 46. d6 h1Q 47. d7 Qd1 48. Rh1 0-1

[Event "CZE-chT2C 2223"]
[Site "Czech Republic"]
[Date "2023.02.19"]
[Round "9.1"]
[White "Vitak, Jiri"]
[Black "Sodoma, Jan"]
[Result "1/2-1/2"]
[WhiteElo "2215"]
[BlackElo "2318"]
[PlyCount "64"]
[EventDate "2022.10.16"]
[EventType "team-tourn"]
[EventRounds "11"]
[EventCountry "CZE"]
[SourceTitle "EXT 2024"]
[Source "ChessBase"]
[SourceDate "2023.10.10"]
[SourceVersion "1"]
[SourceVersionDate "2023.10.10"]
[SourceQuality "1"]
[WhiteTeam "Liberec"]
[BlackTeam "Turnov Zikuda II"]
[WhiteTeamCountry "CZE"]
[BlackTeamCountry "CZE"]

1. d4 Nf6 2. c4 e6 3. g3 d5 4. Nf3 Be7 5. Bg2 0-0 6. 0-0 dxc4 7. Qa4 a6 8. Qxc4 b5 9. Qc2 Bb7 10. Bd2 Ra7 11. Rc1 Be4 12. Qb3 Nc6 13. e3 Qa8 14. Qd1 b4 15. Qf1 Rc8 16. Be1 Bd5 17. Nbd2 Qb7 18. Nc4 Ne4 19. Nfd2 Nxd2 20. Bxd2 Qb5 21. a4 bxa3 22. bxa3 Bxg2 23. Qxg2 Qd5 24. Rab1 Raa8 25. a4 Qxg2+ 26. Kxg2 Kf8 27. Na5 Nxa5 28. Bxa5 c5 29. dxc5 Rxc5 30. Rxc5 Bxc5 31. Rc1 Bd6 32. Rc6 Ke7 1/2-1/2

[Event "CZE-chT2C 2223"]
[Site "Czech Republic"]
[Date "2022.11.06"]
[Round "2.1"]
[White "Meduna, Eduard"]
[Black "Sodoma, Jan"]
[Result "1/2-1/2"]
[WhiteElo "2333"]
[BlackElo "2318"]
[PlyCount "35"]
[EventDate "2022.10.16"]
[EventType "team-tourn"]
[EventRounds "11"]
[EventCountry "CZE"]
[SourceTitle "EXT 2024"]
[Source "ChessBase"]
[SourceDate "2023.10.10"]
[SourceVersion "1"]
[SourceVersionDate "2023.10.10"]
[SourceQuality "1"]
[WhiteTeam "Lysa nad Labem"]
[BlackTeam "Turnov Zikuda II"]
[WhiteTeamCountry "CZE"]
[BlackTeamCountry "CZE"]

1. d4 Nf6 2. Nf3 e6 3. Bf4 c5 4. c3 d5 5. e3 Bd6 6. Bg3 Qc7 7. Nbd2 Nbd7 8. Bd3 0-0 9. 0-0 Bxg3 10. hxg3 e5 11. dxe5 Nxe5 12. Nxe5 Qxe5 13. Qf3 Re8 14. Qf4 Bd7 15. Qxe5 Rxe5 16. b4 Rc8 17. Rfc1 Kf8 18. Rab1 1/2-1/2

[Event "Pardubice Czech op-E 32nd"]
[Site "Pardubice"]
[Date "2021.07.17"]
[Round "4.2"]
[White "Sodoma, Jan"]
[Black "Krejci, Jan1111"]
[Result "1/2-1/2"]
[WhiteElo "2306"]
[BlackElo "2547"]
[PlyCount "61"]
[EventDate "2021.07.15"]
[EventType "team-swiss"]
[EventRounds "7"]
[EventCountry "CZE"]
[SourceTitle "CBM 203 Extra"]
[Source "ChessBase"]
[SourceDate "2021.09.30"]
[SourceVersion "1"]
[SourceVersionDate "2021.09.30"]
[SourceQuality "1"]
[WhiteTeam "Turnov Zikuda II"]
[BlackTeam "Unichess Penguins"]
[WhiteTeamCountry "CZE"]
[BlackTeamCountry "CZE"]

1. Nf3 Nf6 2. c4 e6 3. g3 a6 4. Nc3 d5 5. cxd5 exd5 6. d4 Bd6 7. Bg2 0-0 8. 0-0 c6 9. Bf4 Bxf4 10. gxf4 Bf5 11. e3 Nbd7 12. Ne2 Ne4 13. Ng3 Bg4 14. Qc2 Bxf3 15. Bxf3 Nd6 16. Kh1 f5 17. Rg1 Kh8 18. Ne2 Rc8 19. Rad1 Qf6 20. Nc1 c5 21. dxc5 Rxc5 22. Qb1 Nb6 23. Nd3 Rc7 24. Ne5 Ndc4 25. Nxc4 dxc4 26. Rd4 Na4 27. Qc2 b5 28. b3 Nb6 29. Rgd1 Re7 30. bxc4 Nxc4 31. a4 1/2-1/2

[Event "CZE-ch Betsys Online Blitz"]
[Site "Chess.com INT"]
[Date "2021.04.17"]
[Round "4"]
[White "Krejcik, Jiri"]
[Black "Sodoma, Jan"]
[Result "0-1"]
[WhiteElo "2109"]
[BlackElo "2306"]
[PlyCount "98"]
[EventDate "2021.04.17"]
[EventType "swiss (blitz)"]
[EventRounds "13"]
[EventCountry "CZE"]
[SourceTitle "CBM 201 Extra"]
[Source "ChessBase"]
[SourceDate "2021.05.31"]
[SourceVersion "1"]
[SourceVersionDate "2021.05.31"]
[SourceQuality "1"]

1. e4 e5 2. Nf3 Nc6 3. Bc4 Nf6 4. d3 Bc5 5. c3 a6 6. Bg5 h6 7. Bh4 d6 8. Nbd2 Ba7 9. Qe2 Qe7 10. 0-0-0 Be6 11. Kb1 0-0-0 12. Bd5 Bxd5 13. exd5 Nb8 14. Ne4 Nbd7 15. c4 g5 16. Bg3 Nh7 17. Nc3 f5 18. h4 g4 19. Nd2 Nhf6 20. f4 gxf3 21. Nxf3 Rhg8 22. Be1 e4 23. dxe4 Nxe4 24. Nxe4 Qxe4+ 25. Qxe4 fxe4 26. Nd2 e3 27. Ne4 Rxg2 28. Bc3 Re8 29. Nf6 Nxf6 30. Bxf6 e2 31. Rde1 Bf2 32. Bc3 Bxe1 33. Rxe1 h5 34. Kc2 Rf8 35. Kd2 Rf4 36. Rxe2 Rxe2+ 37. Kxe2 Rxh4 38. b3 Rh2+ 39. Kd3 Rxa2 40. Bf6 Rh2 41. b4 b6 42. c5 bxc5 43. bxc5 h4 44. cxd6 cxd6 45. Ke3 Rh1 46. Kf3 h3 47. Bg5 Kd7 48. Bf4 a5 49. Bd2 a4 0-1

[Event "CZE-ch Betsys Online Blitz"]
[Site "Chess.com INT"]
[Date "2021.04.17"]
[Round "7"]
[White "Mudrak, Josef"]
[Black "Sodoma, Jan"]
[Result "1/2-1/2"]
[WhiteElo "2187"]
[BlackElo "2306"]
[PlyCount "59"]
[EventDate "2021.04.17"]
[EventType "swiss (blitz)"]
[EventRounds "13"]
[EventCountry "CZE"]
[SourceTitle "CBM 201 Extra"]
[Source "ChessBase"]
[SourceDate "2021.05.31"]
[SourceVersion "1"]
[SourceVersionDate "2021.05.31"]
[SourceQuality "1"]

1. d4 Nf6 2. Nf3 e6 3. g3 b6 4. Bg2 Bb7 5. 0-0 Be7 6. c4 0-0 7. Re1 Na6 8. Nc3 Ne4 9. Qc2 Nxc3 10. Ng5 Bxg5 11. Bxg5 Nxe2+ 12. Rxe2 Qc8 13. d5 c6 14. d6 c5 15. Be7 Re8 16. Bf1 Qc6 17. f3 Nb4 18. Qd2 Rab8 19. Bg2 b5 20. a3 Na6 21. Rc1 bxc4 22. Rxc4 Qd5 23. Qc2 Bc6 24. Rh4 Qf5 25. Qxf5 exf5 26. Rf4 g6 27. g4 fxg4 28. fxg4 Bxg2 29. Kxg2 Rb3 30. Ref2 1/2-1/2

[Event "CZE-ch Betsys Online Blitz"]
[Site "Chess.com INT"]
[Date "2021.04.17"]
[Round "1"]
[White "Sodoma, Jan"]
[Black "Valenz, Miroslav"]
[Result "0-1"]
[WhiteElo "2306"]
[BlackElo "2048"]
[PlyCount "102"]
[EventDate "2021.04.17"]
[EventType "swiss (blitz)"]
[EventRounds "13"]
[EventCountry "CZE"]
[SourceTitle "CBM 201 Extra"]
[Source "ChessBase"]
[SourceDate "2021.05.31"]
[SourceVersion "1"]
[SourceVersionDate "2021.05.31"]
[SourceQuality "1"]

1. c4 Nf6 2. Nc3 d6 3. d4 g6 4. g3 Bg7 5. Bg2 0-0 6. Nf3 Nbd7 7. 0-0 e5 8. dxe5 Nxe5 9. Nxe5 dxe5 10. Qc2 c6 11. Rd1 Qe7 12. b3 Bf5 13. e4 Bg4 14. f3 Be6 15. Be3 b6 16. Rd2 Rad8 17. Rad1 Nh5 18. Na4 c5 19. Nc3 f5 20. exf5 gxf5 21. Nd5 Bxd5 22. Rxd5 f4 23. Bf2 Qg5 24. h4 Qe7 25. g4 Nf6 26. Rxd8 Rxd8 27. g5 Ne8 28. Bh3 Nc7 29. Rd3 Rxd3 30. Qxd3 Bf8 31. Qf5 Kg7 32. h5 Ne8 33. h6+ Kg8 34. Bh4 Nd6 35. Qe6+ Kh8 36. Kg2 e4 37. fxe4 Nxe4 38. Qxe7 Bxe7 39. Kf3 Nxg5+ 40. Bxg5 Bxg5 41. Be6 Bxh6 42. a4 Kg7 43. Kg4 Kf6 44. Bf5 Bg5 45. Bxh7 Bh6 46. Be4 Ke5 47. Kf3 Bg5 48. Bc6 Bh4 49. Be8 a5 50. Bg6 Bg3 51. Bc2 Kd4 0-1

[Event "CZE-ch Betsys Online Blitz"]
[Site "Chess.com INT"]
[Date "2021.04.17"]
[Round "11"]
[White "Vasicek, Martin"]
[Black "Sodoma, Jan"]
[Result "0-1"]
[WhiteElo "2070"]
[BlackElo "2306"]
[PlyCount "72"]
[EventDate "2021.04.17"]
[EventType "swiss (blitz)"]
[EventRounds "13"]
[EventCountry "CZE"]
[SourceTitle "CBM 201 Extra"]
[Source "ChessBase"]
[SourceDate "2021.05.31"]
[SourceVersion "1"]
[SourceVersionDate "2021.05.31"]
[SourceQuality "1"]

1. d4 Nf6 2. Nf3 e6 3. Bf4 c5 4. e3 Qb6 5. Nc3 Nc6 6. dxc5 Bxc5 7. Na4 Qa5+ 8. c3 Be7 9. b4 Nxb4 10. Be2 Nbd5 11. Be5 d6 12. Bd4 e5 13. e4 Nf4 14. Be3 Nxg2+ 15. Kf1 Bh3 16. Kg1 Nxe3 17. fxe3 Ng4 18. Rb1 0-0 19. Rb5 Qc7 20. Qb1 b6 21. Qc1 f5 22. exf5 Rxf5 23. e4 Rf4 24. c4 Raf8 25. Qc3 Qc8 26. Rd5 Qe6 27. Nd2 Qh6 28. Qg3 Rf2 29. Rd3 Rxe2 30. Rf3 Rxd2 31. Qxh3 Rd1+ 32. Kg2 Qxh3+ 33. Rxh3 Rf2+ 34. Kg3 Rxh1 35. Kxg4 Rf4+ 36. Kg3 Rg1# 0-1

[Event "CZE-ch Betsys Online Blitz"]
[Site "Chess.com INT"]
[Date "2021.04.17"]
[Round "2"]
[White "Vojtek, Pavel"]
[Black "Sodoma, Jan"]
[Result "0-1"]
[WhiteElo "1511"]
[BlackElo "2306"]
[PlyCount "38"]
[EventDate "2021.04.17"]
[EventType "swiss (blitz)"]
[EventRounds "13"]
[EventCountry "CZE"]
[SourceTitle "CBM 201 Extra"]
[Source "ChessBase"]
[SourceDate "2021.05.31"]
[SourceVersion "1"]
[SourceVersionDate "2021.05.31"]
[SourceQuality "1"]

1. e4 e5 2. Nf3 Nc6 3. Bb5 a6 4. Bxc6 dxc6 5. 0-0 Qf6 6. d4 exd4 7. Nxd4 Bd7 8. Nc3 Bd6 9. Be3 Ne7 10. f4 Bb4 11. e5 Qg6 12. Rf3 Bg4 13. a3 Bxc3 14. bxc3 Bxf3 15. Qxf3 Nf5 16. g4 Nxe3 17. Qxe3 Qxg4+ 18. Qg3 Qxg3+ 19. hxg3 0-0-0 0-1

[Event "CZE-chT1W 1920"]
[Site "Czech Republic"]
[Date "2020.02.16"]
[Round "8.2"]
[White "Sodoma, Jan"]
[Black "Orsag, Milan"]
[Result "1/2-1/2"]
[WhiteElo "2300"]
[BlackElo "2317"]
[PlyCount "120"]
[EventDate "2019.10.20"]
[EventType "team-tourn"]
[EventRounds "11"]
[EventCountry "CZE"]
[SourceTitle "CBM 195 Extra"]
[Source "ChessBase"]
[SourceDate "2020.05.31"]
[SourceVersion "1"]
[SourceVersionDate "2020.05.31"]
[SourceQuality "1"]
[WhiteTeam "Turnov Zikuda II"]
[BlackTeam "Neratovice"]
[WhiteTeamCountry "CZE"]
[BlackTeamCountry "CZE"]

1. Nf3 d5 2. d4 c5 3. c4 e6 4. cxd5 exd5 5. g3 Nf6 6. Bg2 Be7 7. 0-0 0-0 8. Nc3 Nc6 9. dxc5 Bxc5 10. Na4 Bd6 11. Be3 Re8 12. Rc1 Rxe3 13. fxe3 Ng4 14. Qd3 Qe7 15. Nd4 Nxe3 16. Nxc6 bxc6 17. Rxc6 Nxf1 18. Bxd5 Be5 19. Rc1 Bb7 20. Rxf1 Bxd5 21. Qxd5 Rc8 22. Rf3 Bf6 23. Nc3 Qb4 24. Qd2 h5 25. a3 Qc5+ 26. Kg2 Rd8 27. Qf4 Qe7 28. e4 Be5 29. Qe3 Qb7 30. Qe2 Re8 31. Qb5 Qxb5 32. Nxb5 Bxb2 33. Rb3 Bc1 34. Nxa7 Rxe4 35. h4 Rc4 36. Nb5 g6 37. Kf3 Kg7 38. Nc3 Bd2 39. Ne4 Ba5 40. Rb7 Bc7 41. Rb4 Rc2 42. Rb3 Ra2 43. Nc3 Ra1 44. Nb5 Be5 45. Re3 f6 46. Rd3 Kf7 47. Nd6+ Bxd6 48. Rxd6 Rxa3+ 49. Kf4 Ke7 50. Rb6 Rd3 51. Ra6 Rd6 52. Ra7+ Ke6 53. Ra4 Rc6 54. Re4+ Kd5 55. Re1 Rc4+ 56. Kf3 Rg4 57. Re7 g5 58. hxg5 Rxg5 59. Re8 Re5 60. Ra8 Ke6 1/2-1/2

[Event "Groningen op 57th"]
[Site "Groningen"]
[Date "2019.12.30"]
[Round "9"]
[White "Sodoma, Jan"]
[Black "Theulings, Paul Peter"]
[Result "1-0"]
[WhiteElo "2312"]
[BlackElo "2070"]
[PlyCount "49"]
[EventDate "2019.12.21"]
[EventType "swiss"]
[EventRounds "9"]
[EventCountry "NED"]
[SourceTitle "CBM 194 Extra"]
[Source "ChessBase"]
[SourceDate "2020.03.31"]
[SourceVersion "1"]
[SourceVersionDate "2020.03.31"]
[SourceQuality "1"]

1. d4 Nf6 2. c4 e6 3. Nc3 Bb4 4. Qc2 c5 5. dxc5 0-0 6. Nf3 Na6 7. g3 Nxc5 8. Bg2 Nce4 9. 0-0 Bxc3 10. bxc3 d5 11. Bf4 Bd7 12. cxd5 exd5 13. Qb3 Bc6 14. Rfd1 Qa5 15. Qb4 Qxb4 16. cxb4 Ng4 17. Rf1 Nc3 18. Nd4 Rfe8 19. Rfc1 Nb5 20. Nxc6 bxc6 21. e3 g5 22. Bxg5 Ne5 23. Bf4 Rac8 24. a4 Nd6 25. b5 1-0

[Event "Groningen op 57th"]
[Site "Groningen"]
[Date "2019.12.22"]
[Round "2"]
[White "Gleizerov, Evgeny"]
[Black "Sodoma, Jan"]
[Result "1-0"]
[WhiteElo "2508"]
[BlackElo "2312"]
[PlyCount "57"]
[EventDate "2019.12.21"]
[EventType "swiss"]
[EventRounds "9"]
[EventCountry "NED"]
[SourceTitle "CBM 194 Extra"]
[Source "ChessBase"]
[SourceDate "2020.03.31"]
[SourceVersion "1"]
[SourceVersionDate "2020.03.31"]
[SourceQuality "1"]

1. d4 Nf6 2. c4 e6 3. g3 d5 4. Nf3 dxc4 5. Bg2 c5 6. 0-0 Nc6 7. Qa4 Bd7 8. Qxc4 b5 9. Qc3 Qb6 10. Be3 Nd5 11. dxc5 Qa6 12. Qd2 Rc8 13. Rc1 b4 14. Nd4 Ne5 15. Bf4 Ng6 16. Bxd5 exd5 17. Qe3+ Be7 18. c6 Bxc6 19. Nf5 Kf8 20. Nxe7 Nxe7 21. Bd6 Qb7 22. Nd2 h5 23. Nb3 Qd7 24. Bxb4 Rh6 25. Nd4 Re8 26. Nxc6 Rxc6 27. Rxc6 Qxc6 28. Rc1 Qb7 29. Bd6 1-0

[Event "Groningen op 57th"]
[Site "Groningen"]
[Date "2019.12.21"]
[Round "1"]
[White "Sodoma, Jan"]
[Black "Zwirs, Jasper"]
[Result "1-0"]
[WhiteElo "2312"]
[BlackElo "2062"]
[PlyCount "63"]
[EventDate "2019.12.21"]
[EventType "swiss"]
[EventRounds "9"]
[EventCountry "NED"]
[SourceTitle "CBM 194 Extra"]
[Source "ChessBase"]
[SourceDate "2020.03.31"]
[SourceVersion "1"]
[SourceVersionDate "2020.03.31"]
[SourceQuality "1"]

1. Nf3 Nf6 2. c4 c6 3. d4 d5 4. e3 e6 5. Nbd2 Nbd7 6. Bd3 Bd6 7. 0-0 0-0 8. e4 dxe4 9. Nxe4 Nxe4 10. Bxe4 h6 11. Bc2 Re8 12. Qd3 Nf8 13. b3 b6 14. Bb2 Bb7 15. Rad1 Qc7 16. Qc3 f6 17. c5 Be7 18. b4 a5 19. a3 bxc5 20. dxc5 Ba6 21. Rfe1 e5 22. Nh4 Bc8 23. f4 Bg4 24. fxe5 Bxd1 25. Bxd1 fxe5 26. Qb3+ Kh8 27. Qc4 Nd7 28. Ng6+ Kh7 29. Qe4 Nf6 30. Nf8+ Kh8 31. Qh7+ Nxh7 32. Ng6+ 1-0

[Event "CZE-chT2C 1920"]
[Site "Czech Republic"]
[Date "2019.12.15"]
[Round "5.1"]
[White "Zilka, Stepan"]
[Black "Sodoma, Jan"]
[Result "1/2-1/2"]
[WhiteElo "2551"]
[BlackElo "2300"]
[PlyCount "111"]
[EventDate "2019.10.13"]
[EventType "team-tourn"]
[EventRounds "11"]
[EventCountry "CZE"]
[SourceTitle "EXT 2024"]
[Source "ChessBase"]
[SourceDate "2023.10.10"]
[SourceVersion "1"]
[SourceVersionDate "2023.10.10"]
[SourceQuality "1"]
[WhiteTeam "Kutna Hora"]
[BlackTeam "Turnov Zikuda III"]
[WhiteTeamCountry "CZE"]
[BlackTeamCountry "CZE"]

1. d4 Nf6 2. c4 e6 3. Nc3 Bb4 4. e3 0-0 5. Bd3 d5 6. Nf3 c5 7. cxd5 Nxd5 8. Bd2 Nc6 9. 0-0 cxd4 10. exd4 Be7 11. Qe2 Ncb4 12. Bb1 b6 13. Qe4 g6 14. a3 Na6 15. Bh6 Re8 16. Ne5 Bb7 17. Qf3 f5 18. Ba2 Bf6 19. Rac1 Nac7 20. Ne2 Nb5 21. Rfe1 Nd6 22. Nc6 Qd7 23. Bxd5 exd5 24. Qxd5+ Kh8 25. Bf4 Rac8 26. Nb8 Rxc1 27. Rxc1 Rxb8 28. Qxd6 Qxd6 29. Bxd6 Re8 30. Be5 Bxe5 31. dxe5 Rxe5 32. Nc3 Kg7 33. f3 g5 34. Kf2 Kf6 35. Rd1 Ke7 36. h4 h6 37. hxg5 hxg5 38. Rh1 Kf6 39. Rh6+ Kg7 40. Rd6 Re7 41. Nb5 Bc8 42. Rd8 Ba6 43. Nd4 Rf7 44. Rd6 Bc8 45. b4 Rc7 46. Nb5 Rc2+ 47. Kg1 g4 48. Nxa7 g3 49. Kf1 Rf2+ 50. Ke1 Rxg2 51. Nxc8 Rc2 52. Ne7 g2 53. Nxf5+ Kf7 54. Nh6+ Kg7 55. Nf5+ Kf7 56. Nh6+ 1/2-1/2

[Event "CZE-chT1W 1920"]
[Site "Czech Republic"]
[Date "2019.11.24"]
[Round "3.3"]
[White "Netusil, Miloslav"]
[Black "Sodoma, Jan"]
[Result "1/2-1/2"]
[WhiteElo "2170"]
[BlackElo "2300"]
[PlyCount "22"]
[EventDate "2019.10.20"]
[EventType "team-tourn"]
[EventRounds "11"]
[EventCountry "CZE"]
[SourceTitle "CBM 193 Extra"]
[Source "ChessBase"]
[SourceDate "2020.01.31"]
[SourceVersion "1"]
[SourceVersionDate "2020.01.31"]
[SourceQuality "1"]
[WhiteTeam "Vysehrad"]
[BlackTeam "Turnov Zikuda II"]
[WhiteTeamCountry "CZE"]
[BlackTeamCountry "CZE"]

1. e4 e5 2. Nf3 Nc6 3. d4 exd4 4. Nxd4 Bc5 5. Nxc6 Qf6 6. Qf3 bxc6 7. Nd2 d6 8. Nb3 Bb6 9. Bd2 Qxf3 10. gxf3 Ne7 11. a4 a5 1/2-1/2

[Event "CZE-chT2C 1920"]
[Site "Czech Republic"]
[Date "2019.11.17"]
[Round "3.1"]
[White "Vyprachticky, David"]
[Black "Sodoma, Jan"]
[Result "1/2-1/2"]
[WhiteElo "2259"]
[BlackElo "2300"]
[PlyCount "53"]
[EventDate "2019.10.13"]
[EventType "team-tourn"]
[EventRounds "11"]
[EventCountry "CZE"]
[SourceTitle "EXT 2024"]
[Source "ChessBase"]
[SourceDate "2023.10.10"]
[SourceVersion "1"]
[SourceVersionDate "2023.10.10"]
[SourceQuality "1"]
[WhiteTeam "Praha Oaza II"]
[BlackTeam "Turnov Zikuda III"]
[WhiteTeamCountry "CZE"]
[BlackTeamCountry "CZE"]

1. e4 e5 2. Nf3 Nc6 3. Bc4 Nf6 4. d3 Bc5 5. 0-0 a6 6. Bb3 d6 7. c3 Ba7 8. Re1 0-0 9. h3 Ne7 10. Nbd2 Ng6 11. Nf1 Re8 12. Ng3 h6 13. d4 c6 14. Bc2 Qc7 15. Be3 b5 16. Qd2 Be6 17. a4 c5 18. d5 Bd7 19. Bxh6 gxh6 20. Qxh6 Qd8 21. Ng5 Qe7 22. Nh5 Nxh5 23. Qh7+ Kf8 24. Qxh5 c4 25. Qh6+ Kg8 26. Qh7+ Kf8 27. Qh6+ 1/2-1/2

[Event "CZE-chT2C 1920"]
[Site "Czech Republic"]
[Date "2019.10.13"]
[Round "1.1"]
[White "Meduna, Eduard"]
[Black "Sodoma, Jan"]
[Result "1/2-1/2"]
[WhiteElo "2377"]
[BlackElo "2300"]
[PlyCount "27"]
[EventDate "2019.10.13"]
[EventType "team-tourn"]
[EventRounds "11"]
[EventCountry "CZE"]
[SourceTitle "EXT 2024"]
[Source "ChessBase"]
[SourceDate "2023.10.10"]
[SourceVersion "1"]
[SourceVersionDate "2023.10.10"]
[SourceQuality "1"]
[WhiteTeam "Lysa nad Labem Joly III"]
[BlackTeam "Turnov Zikuda III"]
[WhiteTeamCountry "CZE"]
[BlackTeamCountry "CZE"]

1. Nf3 Nf6 2. d4 e6 3. Bf4 c5 4. c3 Qb6 5. Qb3 Nc6 6. e3 Be7 7. Nbd2 d5 8. Be2 0-0 9. 0-0 Bd7 10. Qxb6 axb6 11. Bc7 Bd8 12. Bd6 Be7 13. Bc7 Bd8 14. Bd6 1/2-1/2

[Event "Pardubice Czech op-E 30th"]
[Site "Pardubice"]
[Date "2019.07.13"]
[Round "5.1"]
[White "Goriatchkin, Jouri"]
[Black "Sodoma, Jan"]
[Result "1/2-1/2"]
[WhiteElo "2316"]
[BlackElo "2319"]
[PlyCount "165"]
[EventDate "2019.07.11"]
[EventType "team-swiss"]
[EventRounds "7"]
[EventCountry "CZE"]
[SourceTitle "EXT 2020"]
[Source "ChessBase"]
[SourceDate "2019.10.17"]
[SourceVersion "1"]
[SourceVersionDate "2019.10.17"]
[SourceQuality "1"]
[WhiteTeam "Yamal"]
[BlackTeam "Turnov Zikuda"]
[WhiteTeamCountry "RUS"]
[BlackTeamCountry "CZE"]

1. d4 Nf6 2. c4 e6 3. Nf3 b6 4. g3 Bb7 5. Bg2 Be7 6. 0-0 0-0 7. Nc3 Na6 8. b3 d5 9. Ne5 c5 10. cxd5 exd5 11. Bb2 Re8 12. Rc1 Nc7 13. dxc5 bxc5 14. Na4 Ne6 15. Nd3 Ba6 16. Bxf6 gxf6 17. Re1 Rc8 18. e3 c4 19. Qg4+ Kh8 20. Nf4 Rg8 21. Qf5 Rg5 22. Qh3 Rc6 23. Red1 Rd6 24. Nc3 Bc8 25. Qh4 Nc7 26. bxc4 dxc4 27. Rxd6 Qxd6 28. Ne4 Qb4 29. Nxg5 fxg5 30. Qh5 Qb2 31. Ne2 Be6 32. Be4 f5 33. Rb1 Qxa2 34. Rb8+ Kg7 35. Bb1 Qa1 36. Nd4 Bd7 37. h4 Nb5 38. Qd1 Nd6 39. hxg5 Bxg5 40. Ne6+ Bxe6 41. Qxd6 Bf7 42. Qd4+ Qxd4 43. exd4 f4 44. Rb7 fxg3 45. Rxa7 Bf6 46. Rd7 gxf2+ 47. Kxf2 Kf8 48. Ke3 Bg5+ 49. Kf3 Ke8 50. Rc7 Bf6 51. Ba2 Bxd4 52. Bxc4 Bxc4 53. Rxc4 Bb6 54. Kg4 h5+ 55. Kf5 Kd7 56. Rh4 Bf2 57. Rxh5 Kc6 58. Ke6 Be3 59. Rh3 Bd4 60. Rh2 Kb7 61. Kd6 Be3 62. Rb2+ Ka8 63. Kc6 Bd4 64. Ra2+ Ba7 65. Ra4 Kb8 66. Re4 Bf2 67. Re7 Ka8 68. Kc7 Bg3+ 69. Kc8 Bf2 70. Rb7 Ba7 71. Rb3 Bd4 72. Ra3+ Ba7 73. Rg3 Bd4 74. Rg4 Be3 75. Rg8 Ka7 76. Rg2 Ka6 77. Rb2 Bd4 78. Rb3 Be5 79. Kd7 Ka7 80. Kc6 Ka8 81. Kb6 Bd4+ 82. Ka6 Be5 83. Rb7 1/2-1/2

[Event "Pardubice Czech op-E 30th"]
[Site "Pardubice"]
[Date "2019.07.12"]
[Round "3.1"]
[White "Marsalek, Zdenek"]
[Black "Sodoma, Jan"]
[Result "1/2-1/2"]
[WhiteElo "2259"]
[BlackElo "2319"]
[PlyCount "43"]
[EventDate "2019.07.11"]
[EventType "team-swiss"]
[EventRounds "7"]
[EventCountry "CZE"]
[SourceTitle "EXT 2020"]
[Source "ChessBase"]
[SourceDate "2019.10.17"]
[SourceVersion "1"]
[SourceVersionDate "2019.10.17"]
[SourceQuality "1"]
[WhiteTeam "Turnov Zikuda II"]
[BlackTeam "Turnov Zikuda"]
[WhiteTeamCountry "CZE"]
[BlackTeamCountry "CZE"]

1. d4 Nf6 2. Nf3 e6 3. g3 d5 4. Bg2 c5 5. 0-0 Nc6 6. c4 dxc4 7. Qa4 Bd7 8. Qxc4 b5 9. Qd3 Rc8 10. Nc3 Nb4 11. Qd1 Bc6 12. a3 Na6 13. a4 b4 14. Nb5 Qb6 15. dxc5 Nxc5 16. Nd6+ Bxd6 17. Qxd6 Bxf3 18. Qxb6 axb6 19. Bxf3 Nb3 20. Rb1 Nxc1 21. Rbxc1 Ke7 22. Rfd1 1/2-1/2

[Event "CZE-chT1W 1819"]
[Site "Czech Republic"]
[Date "2019.03.03"]
[Round "9.4"]
[White "Sodoma, Jan"]
[Black "Orsagova, Silvie"]
[Result "1-0"]
[WhiteElo "2339"]
[BlackElo "2177"]
[PlyCount "101"]
[EventDate "2018.10.21"]
[EventType "team-tourn"]
[EventRounds "11"]
[EventCountry "CZE"]
[SourceTitle "CBM 189 Extra"]
[Source "ChessBase"]
[SourceDate "2019.06.03"]
[SourceVersion "1"]
[SourceVersionDate "2019.06.03"]
[SourceQuality "1"]
[WhiteTeam "Turnov Zikuda II"]
[BlackTeam "Praha Dukla"]
[WhiteTeamCountry "CZE"]
[BlackTeamCountry "CZE"]

1. Nf3 Nf6 2. c4 c6 3. d4 d5 4. e3 Bg4 5. Qb3 Qb6 6. Ne5 Bf5 7. Nc3 e6 8. Bd3 Bxd3 9. Nxd3 dxc4 10. Qxc4 Be7 11. 0-0 0-0 12. Rb1 Qa6 13. Qxa6 Nxa6 14. b4 Nd5 15. Ne2 Naxb4 16. Nxb4 Nxb4 17. Bd2 c5 18. dxc5 Na6 19. Rxb7 Bxc5 20. Rfb1 Bb6 21. Rd7 Rfd8 22. Rxd8+ Rxd8 23. Bc3 Rc8 24. Kf1 Nc5 25. Bd4 Ne4 26. Rb2 Rd8 27. f3 Nc5 28. Rc2 Nd7 29. Bxb6 Nxb6 30. Nd4 Nd5 31. Ke2 Kf8 32. g3 Ke8 33. Nb5 Nb4 34. Rb2 a5 35. a3 Na6 36. Nd4 Rc8 37. Rb5 Rc5 38. Rb7 a4 39. Ra7 Nc7 40. Rxa4 Nd5 41. Ra7 e5 42. Nf5 Rc3 43. Nxg7+ Kd8 44. Nf5 Nc7 45. h4 f6 46. a4 Kc8 47. Nd6+ Kd8 48. Nb5 Nxb5 49. axb5 Rb3 50. Rf7 Rxb5 51. Rxf6 1-0